[Event "GRENKE Chess Open 2018"]
[Site "Karlsruhe GER"]
[Date "2018.04.02"]
[Round "9.10"]
[White "Noe, Christopher"]
[Black "Kasimdzhanov, Rustam"]
[Result "1-0"]
[WhiteTitle "IM"]
[BlackTitle "GM"]
[WhiteElo "2494"]
[BlackElo "2676"]
[WhiteFideId "24692018"]
[BlackFideId "14200244"]
[EventDate "2018.03.29"]

1. d4 Nf6 2. c4 e6 3. Nc3 Bb4 4. Qc2 O-O 5. Nf3 d6 6. a3 Bxc3+ 7. Qxc3 b6 8. b3
Bb7 9. Bb2 Nbd7 10. e3 Qe7 11. Be2 c5 12. O-O Rac8 13. Rac1 Rfd8 14. Rfd1 Nf8
15. dxc5 bxc5 16. Nd2 e5 17. Bf3 Ng6 18. Bxb7 Qxb7 19. Qc2 h6 20. Bc3 Re8 21.
Nf1 Re6 22. Ng3 Nh4 23. f3 Ne8 24. f4 exf4 25. exf4 Rc7 26. Re1 Rxe1+ 27. Rxe1
Re7 28. Rc1 Ng6 29. Rf1 Nf8 30. f5 f6 31. Nh5 d5 32. cxd5 Qxd5 33. Nf4 Qc6 34.
Bd4 Rc7 35. Rc1 Qd6 36. Qc4+ Kh7 37. Bf2 Nd7 38. Ne6 Rc8 39. Bg3 Ne5 40. Bxe5
Qxe5 41. Nf8+ 1-0

[Event "GRENKE Chess Open 2018"]
[Site "Karlsruhe GER"]
[Date "2018.04.02"]
[Round "9.11"]
[White "Van Wely, Loek"]
[Black "Kanarek, Marcel"]
[Result "1/2-1/2"]
[WhiteTitle "GM"]
[BlackTitle "GM"]
[WhiteElo "2667"]
[BlackElo "2506"]
[WhiteFideId "1000268"]
[BlackFideId "1126822"]
[EventDate "2018.03.29"]

1. d4 Nf6 2. c4 g6 3. Nc3 Bg7 4. e4 d6 5. Nf3 O-O 6. Be2 e5 7. O-O Nc6 8. d5 Ne7
9. b4 a5 10. Ba3 axb4 11. Bxb4 Re8 12. a4 Bf8 13. Ne1 c5 14. Ba3 Nd7 15. Nb5 Ra6
16. Bb2 Bg7 17. Ra3 f5 18. exf5 Nxf5 19. Nc2 Nf6 20. Re1 Nd4 21. Ne3 Bd7 22. h3
Rf8 23. Nc3 Bh6 24. Bc1 Bf4 25. Nf1 Bf5 26. Bxf4 exf4 27. Bd3 Bxd3 28. Qxd3 Nd7
29. Nb5 Ne5 30. Qc3 Qg5 31. Nxd4 cxd4 32. Qxd4 Rxa4 33. Rc3 b5 34. Nd2 bxc4 35.
Ne4 Qe7 36. Rb1 Rfa8 37. Qb6 Nd7 38. Qd4 Ne5 39. Qb6 R4a6 40. Qb7 R6a7 41. Qxe7
Rxe7 42. Nxd6 Ra5 43. Ne4 Nd7 44. Rxc4 Rxd5 45. Rb7 Rf7 46. h4 h6 47. f3 Kg7 48.
Nf2 g5 49. Rcc7 gxh4 50. Nh3 Rd4 51. Nxf4 Rdxf4 52. Rxd7 Rxd7 53. Rxd7+ Kg6 54.
Kh2 Ra4 55. Kh3 Rb4 56. Rd5 Rc4 57. Re5 Rb4 58. Re4 Rxe4 59. fxe4 Kg5 60. e5 Kf5
61. Kxh4 Kxe5 62. Kh5 Kf4 63. Kxh6 Kg3 1/2-1/2

[Event "GRENKE Chess Open 2018"]
[Site "Karlsruhe GER"]
[Date "2018.04.02"]
[Round "9.12"]
[White "Poetsch, Hagen"]
[Black "Fridman, Daniel"]
[Result "1/2-1/2"]
[WhiteTitle "IM"]
[BlackTitle "GM"]
[WhiteElo "2484"]
[BlackElo "2637"]
[WhiteFideId "24615137"]
[BlackFideId "11600454"]
[EventDate "2018.03.29"]

1. e4 c6 2. Nc3 d5 3. Nf3 Nf6 4. e5 Ne4 5. Ne2 Qb6 6. d4 e6 7. Nfg1 f6 8. f3 Ng5
9. exf6 gxf6 10. f4 Nf7 11. Nf3 e5 12. fxe5 fxe5 13. Ng3 Bg4 14. Be2 Bxf3 15.
Bxf3 Qxd4 16. Qxd4 exd4 17. Nf5 Bb4+ 18. Bd2 Na6 19. O-O-O Bxd2+ 20. Rxd2 O-O
21. Re1 Ng5 22. Nxd4 Nxf3 23. Nxf3 Nc5 1/2-1/2

[Event "GRENKE Chess Open 2018"]
[Site "Karlsruhe GER"]
[Date "2018.04.02"]
[Round "9.13"]
[White "Papp, Gabor1"]
[Black "Kevlishvili, Robby"]
[Result "1/2-1/2"]
[WhiteTitle "GM"]
[BlackTitle "IM"]
[WhiteElo "2604"]
[BlackElo "2472"]
[WhiteFideId "718602"]
[BlackFideId "1040634"]
[EventDate "2018.03.29"]

1. e4 c5 2. Nf3 d6 3. d4 cxd4 4. Nxd4 Nf6 5. Nc3 a6 6. Bg5 e6 7. f4 Be7 8. Qf3
Qc7 9. O-O-O O-O 10. Kb1 b5 11. e5 Bb7 12. Qg3 dxe5 13. fxe5 Ne4 14. Nxe4 Bxe4
15. Qh4 Bxg5 16. Qxe4 Nd7 17. Bd3 g6 18. h4 Nc5 19. Qf3 Bh6 20. h5 Qxe5 21. hxg6 1/2-1/2

[Event "GRENKE Chess Open 2018"]
[Site "Karlsruhe GER"]
[Date "2018.04.02"]
[Round "9.14"]
[White "Sumets, Andrey"]
[Black "Grinberg, Eyal"]
[Result "0-1"]
[WhiteTitle "GM"]
[BlackTitle "IM"]
[WhiteElo "2590"]
[BlackElo "2448"]
[WhiteFideId "14105500"]
[BlackFideId "2806070"]
[EventDate "2018.03.29"]

1. d4 d5 2. c4 c6 3. cxd5 cxd5 4. Nc3 Nf6 5. Bf4 Nc6 6. e3 a6 7. Rc1 e6 8. Bd3
Be7 9. h3 O-O 10. Nf3 Bd7 11. O-O Rc8 12. Qe2 Qa5 13. a3 Na7 14. Ne5 Bb5 15.
Nxb5 Nxb5 16. Bg5 Rfe8 17. Bxf6 Bxf6 18. Bxh7+ Kxh7 19. Qh5+ Kg8 20. Qxf7+ Kh8
21. Rxc8 Rxc8 22. Qxe6 Rc7 23. Ng6+ Kh7 24. Nf8+ Kh8 25. Qf5 Kg8 26. Nd7 Na7 27.
Nxf6+ gxf6 28. Qxf6 Nc6 29. h4 Rf7 30. Qg6+ Rg7 31. Qe8+ Kh7 32. Rc1 Ne7 33.
Qh5+ Kg8 34. Qe8+ Kh7 35. Rc3 Qb6 36. Qh5+ Kg8 37. Qe8+ Kh7 38. Qh5+ Kg8 39. b4
Qe6 40. Qe8+ Kh7 41. Qh5+ Kg8 42. Qe5 Qg4 43. g3 Qe2 44. Rc1 Rf7 45. Qg5+ Kh7
46. Rf1 Qf3 47. h5 Rf6 48. Qe5 Ng8 49. e4 dxe4 50. d5 Rf5 51. Qc7+ Kh8 52. h6
Nxh6 53. Qd8+ Ng8 0-1

[Event "GRENKE Chess Open 2018"]
[Site "Karlsruhe GER"]
[Date "2018.04.02"]
[Round "9.15"]
[White "Nasuta, Grzegorz"]
[Black "Bernadskiy, Vitaliy"]
[Result "1/2-1/2"]
[WhiteTitle "IM"]
[BlackTitle "GM"]
[WhiteElo "2459"]
[BlackElo "2588"]
[WhiteFideId "1141686"]
[BlackFideId "14100371"]
[EventDate "2018.03.29"]

1. e4 Nf6 2. e5 Nd5 3. d4 d6 4. c4 Nb6 5. exd6 exd6 6. Nc3 Be7 7. Bd3 Nc6 8.
Nge2 Bg4 9. Be3 Bh5 10. b3 Bf6 11. Qd2 O-O 12. O-O Bg6 13. Bxg6 hxg6 14. a4 a5
15. d5 Nb4 16. Bxb6 cxb6 17. Rae1 Re8 18. Nb5 Na6 19. Ng3 Rxe1 20. Rxe1 Nc5 21.
Qe3 Bg5 22. f4 Bh4 23. Re2 f5 24. Nf1 Bf6 25. Nd2 g5 26. Nf3 gxf4 27. Qxf4 Nxb3
28. Qxf5 Nc5 29. g4 Qc8 30. Qxc8+ Rxc8 31. g5 Be5 32. Nxe5 dxe5 33. Rxe5 Kh7 34.
Re7 Kg6 35. Nd6 Rb8 36. h4 Rh8 37. Nxb7 Rxh4 38. Nd6 Nxa4 39. Ne8 Kxg5 40. Rxg7+
Kf5 41. Rc7 Nc5 42. Nd6+ Ke5 1/2-1/2

[Event "GRENKE Chess Open 2018"]
[Site "Karlsruhe GER"]
[Date "2018.04.02"]
[Round "9.16"]
[White "Buhmann, Rainer"]
[Black "Basso, Pier Luigi"]
[Result "1/2-1/2"]
[WhiteTitle "GM"]
[BlackTitle "IM"]
[WhiteElo "2588"]
[BlackElo "2459"]
[WhiteFideId "4651340"]
[BlackFideId "866970"]
[EventDate "2018.03.29"]

1. e4 e5 2. Nf3 Nc6 3. Bb5 Nf6 4. d3 Bc5 5. O-O Nd4 6. Nxd4 Bxd4 7. c3 Bb6 8.
Na3 c6 9. Ba4 d6 10. Nc4 Bc7 11. Bb3 Be6 12. Re1 h6 13. Ne3 O-O 14. Bxe6 fxe6
15. Ng4 Bb6 16. Be3 Nxg4 17. Qxg4 Qf6 18. Qe2 Bxe3 19. Qxe3 Qf4 20. Rad1 Qxe3
21. Rxe3 Rad8 22. Kf1 Kf7 23. Ke2 Ke7 24. Rg3 Kf7 25. Ke3 g6 26. a4 Kg7 27. Ke2
Rd7 28. Re3 Rb8 29. d4 exd4 30. cxd4 g5 31. b4 a5 32. Rb3 axb4 33. Rxb4 Ra8 34.
Rdb1 Kf6 35. Ke3 Ra5 36. g3 c5 37. Rc4 cxd4+ 38. Rxd4 Rc5 39. f4 gxf4+ 40. gxf4
e5 41. fxe5+ Kxe5 42. Rb5 Rxb5 43. axb5 d5 44. h4 h5 45. b6 Rd6 46. Rxd5+ Rxd5
47. exd5 Kxd5 48. Kf4 Kc5 49. Kg5 Kxb6 50. Kxh5 Kc5 51. Kg5 b5 52. h5 b4 53. h6
b3 54. h7 b2 55. h8=Q b1=Q 56. Qe5+ 1/2-1/2

[Event "GRENKE Chess Open 2018"]
[Site "Karlsruhe GER"]
[Date "2018.04.02"]
[Round "9.17"]
[White "Lagarde, Maxime"]
[Black "Beerdsen, Thomas"]
[Result "1-0"]
[WhiteTitle "GM"]
[BlackTitle "IM"]
[WhiteElo "2587"]
[BlackElo "2444"]
[WhiteFideId "662399"]
[BlackFideId "1030108"]
[EventDate "2018.03.29"]

1. d4 e6 2. e4 d5 3. exd5 exd5 4. Nf3 Nf6 5. Bd3 Be7 6. h3 O-O 7. O-O Nbd7 8.
Bf4 Re8 9. Nc3 a6 10. Re1 Nf8 11. Qd2 Ne6 12. Be5 c6 13. Re2 Bd6 14. Rae1 Bxe5
15. Rxe5 Bd7 16. Ne2 c5 17. Ng3 cxd4 18. Bf5 Nc7 19. Nxd4 g6 20. Bd3 Rxe5 21.
Rxe5 Ne6 22. Nxe6 Bxe6 23. Qf4 Nd7 24. Re3 Nc5 25. Qd4 Rc8 26. h4 h5 27. Qf4 Bg4
28. Re5 Ne6 29. Qe3 d4 30. Qe1 Ng7 31. f3 Bd7 32. Qe4 Bc6 33. Qf4 Qd6 34. Ne4
Bxe4 35. Qxe4 Ne6 36. b4 Rc6 37. a3 Qd8 38. g3 Qf6 39. f4 Rc3 40. f5 gxf5 41.
Rxf5 Qh6 42. Qxb7 Rc7 43. Qa8+ Kg7 44. Qf3 Qe3+ 45. Qxe3 dxe3 46. Rd5 Rc3 47. a4
f5 48. Rxf5 Nd4 49. Rxh5 Ra3 50. Kg2 Ra1 51. Re5 Re1 52. Re4 e2 53. c3 1-0

[Event "GRENKE Chess Open 2018"]
[Site "Karlsruhe GER"]
[Date "2018.04.02"]
[Round "9.18"]
[White "Martin, Julian"]
[Black "Sadzikowski, Daniel"]
[Result "0-1"]
[WhiteTitle "FM"]
[BlackTitle "GM"]
[WhiteElo "2412"]
[BlackElo "2583"]
[WhiteFideId "12941000"]
[BlackFideId "1132253"]
[EventDate "2018.03.29"]

1. e4 c5 2. Nf3 d6 3. d4 cxd4 4. Nxd4 Nf6 5. Nc3 a6 6. h3 e5 7. Nb3 Be7 8. g4 h6
9. Bg2 Nbd7 10. a4 Nf8 11. Nd5 Nxd5 12. exd5 Ng6 13. Be4 O-O 14. Bxg6 fxg6 15.
Be3 Bg5 16. Qd3 Bd7 17. Nd2 Bxe3 18. Qxe3 Qa5 19. Qd3 Rf4 20. c3 Raf8 21. f3 b5
22. b4 Qd8 23. a5 Qh4+ 24. Kd1 Qg3 25. Kc2 Rxf3 26. Nxf3 Rxf3 27. Qd1 Rxc3+ 28.
Kb2 Rd3 29. Qc2 Qe3 30. Rad1 Qd4+ 31. Ka2 Qxd5+ 32. Kb1 Rb3+ 33. Kc1 Qf3 34.
Rhf1 Qxh3 35. Rh1 Qg3 36. Qxg6 Qc3+ 37. Qc2 Qxb4 38. Rd3 Qf4+ 0-1

[Event "GRENKE Chess Open 2018"]
[Site "Karlsruhe GER"]
[Date "2018.04.02"]
[Round "9.19"]
[White "Firat, Burak"]
[Black "Moussard, Jules"]
[Result "1-0"]
[WhiteTitle "GM"]
[BlackTitle "GM"]
[WhiteElo "2453"]
[BlackElo "2576"]
[WhiteFideId "6305881"]
[BlackFideId "642908"]
[EventDate "2018.03.29"]

1. e4 e5 2. Nf3 Nc6 3. Bc4 Bc5 4. d3 Nf6 5. O-O d6 6. c3 a6 7. a4 Ba7 8. Na3 O-O
9. Nc2 Ne7 10. Bg5 Ng6 11. Nh4 Nxh4 12. Bxh4 h6 13. Kh1 g5 14. Bg3 Bg4 15. f3
Bh5 16. Ba2 Bg6 17. d4 exd4 18. cxd4 d5 19. e5 Nh5 20. Ne3 c6 21. Bb1 f5 22. Be1
Qe8 23. b4 Ng7 24. Bc3 h5 25. f4 Qe7 26. g3 h4 27. Ra2 hxg3 28. hxg3 gxf4 29.
gxf4 Kf7 30. Rh2 Rh8 31. Qe2 Rh5 32. Rxh5 Bxh5 33. Qh2 Rh8 34. Kg1 Qe6 35. Kf2
a5 36. Rg1 axb4 37. Bb2 c5 38. Qg3 Bg6 39. Nxd5 cxd4 40. Bd3 Ne8 41. Nf6 Rh6 42.
Qg5 Nxf6 43. Qxh6 Ng4+ 44. Rxg4 fxg4 45. f5 Bxf5 46. Qf4 g3+ 47. Kf1 Bb8 48.
Bxd4 g2+ 49. Kg1 1-0

[Event "GRENKE Chess Open 2018"]
[Site "Karlsruhe GER"]
[Date "2018.04.02"]
[Round "9.20"]
[White "Heberla, Bartlomiej"]
[Black "Carow, Johannes"]
[Result "1/2-1/2"]
[WhiteTitle "GM"]
[BlackTitle "IM"]
[WhiteElo "2570"]
[BlackElo "2437"]
[WhiteFideId "1115120"]
[BlackFideId "24692050"]
[EventDate "2018.03.29"]

1. e4 c6 2. d4 d5 3. exd5 cxd5 4. Bd3 Nc6 5. c3 Qc7 6. Ne2 Bg4 7. O-O e6 8. Qe1
Bxe2 9. Qxe2 Bd6 10. g3 Nf6 11. Nd2 O-O 12. Nf3 a6 13. Bg5 Nd7 14. Rad1 b5 15.
Rfe1 Rfe8 16. Bb1 Rac8 17. Qd3 Nf8 18. Kg2 b4 19. c4 dxc4 20. Qxc4 Qa5 21. Qe2
h6 22. Bc1 Ne7 23. Ne5 Bxe5 24. dxe5 Red8 25. Rxd8 Rxd8 26. h4 Nf5 27. h5 Qd5+
28. Qe4 Qb5 29. Bf4 a5 30. Rc1 g5 31. hxg6 Nxg6 32. Re1 Kg7 33. Bc1 Rd5 34. b3
Kg8 35. Bb2 Kg7 36. Qe2 Qd7 37. Bxf5 Rd2 38. Qf3 Rxb2 39. Rd1 Nxe5 40. Rxd7 Nxf3
41. Bxe6 Ng5 42. Bc4 Rxa2 43. Ra7 Kg6 44. Ra6+ Kg7 45. Ra7 Kg6 46. Ra6+ Kg7 1/2-1/2

[Event "GRENKE Chess Open 2018"]
[Site "Karlsruhe GER"]
[Date "2018.04.02"]
[Round "9.21"]
[White "David, Alberto"]
[Black "Bakre, Tejas"]
[Result "1-0"]
[WhiteTitle "GM"]
[BlackTitle "GM"]
[WhiteElo "2566"]
[BlackElo "2427"]
[WhiteFideId "4000013"]
[BlackFideId "5004195"]
[EventDate "2018.03.29"]

1. e4 c5 2. Nf3 d6 3. Bb5+ Bd7 4. c4 Nc6 5. d4 cxd4 6. Nxd4 g6 7. Nc3 Bg7 8. Be3
Nf6 9. h3 O-O 10. O-O a6 11. Bxc6 bxc6 12. c5 d5 13. e5 Ne4 14. Nxe4 dxe4 15.
Qc2 Bxe5 16. Qxe4 Qc7 17. Rad1 Rad8 18. b3 Bxd4 19. Bxd4 Bf5 20. Qe2 Bc8 21. Be5
Qa5 22. Qe3 Rxd1 23. Rxd1 Rd8 24. Bd4 Qc7 25. Re1 Rd7 26. Bc3 f6 27. h4 Kg7 28.
h5 Qd8 29. Qe4 Bb7 30. Re3 gxh5 31. Qe6 Kh8 32. Rf3 Bc8 33. Qf7 Qg8 34. Rxf6
Qxf7 35. Rxf7+ Kg8 36. Rg7+ Kf8 37. Rxh7 Rd1+ 38. Kh2 Bg4 39. f3 Be6 40. Rxh5
Rc1 41. Rh8+ Bg8 42. Bd4 Rd1 43. Be3 Ra1 44. Bg5 Kg7 45. Bxe7 Bd5 46. Rb8 Rxa2
47. Kg3 Rb2 48. Rb6 a5 49. Ra6 Rxb3 50. Rxa5 Rb2 51. Ra4 Kg6 52. Rg4+ Kf5 53.
Rg5+ Ke6 54. Bd6 Rc2 55. Kf4 Rc4+ 56. Ke3 Rc2 57. Kf4 Rc4+ 58. Kg3 Rc2 59. Kh3
Rc3 60. Re5+ Kf7 61. Re7+ Kg6 62. Rg7+ Kf5 63. Kh4 Kf6 64. Rg5 Rc2 65. g4 Rf2
66. Rf5+ Kg6 67. Kg3 Rf1 68. Be5 Rg1+ 69. Kf2 Rc1 70. Rf6+ Kh7 71. Bd4 Rd1 72.
Ke3 Re1+ 73. Kf4 Rf1 74. Kg3 Rd1 75. Be5 Rg1+ 76. Kf2 Rc1 77. Rh6+ Kg8 78. g5
Rc2+ 79. Kg3 Re2 80. f4 Rg2+ 81. Kh3 Kf7 82. Rf6+ Kg8 83. g6 Be4 84. f5 Rg5 85.
Kh4 Rxf5 86. Re6 Rf1 87. Re8+ Rf8 88. Re7 Rf1 89. g7 Rh1+ 90. Kg3 Bh7 91. Re8+
Kf7 92. Rf8+ Ke6 93. Bd4 Kd5 94. Bf2 Rh5 95. g8=Q+ Bxg8 96. Rxg8 Kc4 97. Rg4+
Kb5 98. Re4 Rf5 99. Rf4 Re5 100. Kf3 Re8 101. Be3 Rh8 102. Ke2 Rh3 103. Kd3 Rg3
104. Rf7 Ka6 105. Rc7 Rg6 106. Kc4 Re6 107. Bd4 Rh6 108. Rd7 Rh4 109. Rd8 Kb7
110. Rh8 Rg4 111. Rh7+ Ka6 112. Rg7 Rh4 113. Rc7 Rh6 114. Be5 Rh4+ 115. Bd4 Rh6
116. Kd3 Re6 117. Be3 Rg6 118. Bf4 Kb5 119. Bd6 Rg8 120. Rb7+ Ka5 121. Rb6 Rh8
122. Rxc6 Rh3+ 123. Ke4 Rh4+ 124. Kd5 Rh1 125. Be5 Rh5 126. Rc8 Ka6 127. c6 Rh7
128. Ra8+ Kb6 129. Rb8+ Ka6 130. c7 Rd7+ 131. Kc6 Ka7 132. Kxd7 1-0

[Event "GRENKE Chess Open 2018"]
[Site "Karlsruhe GER"]
[Date "2018.04.02"]
[Round "9.22"]
[White "Burri, Quentin"]
[Black "Mikhalevski, Victor"]
[Result "0-1"]
[WhiteTitle "FM"]
[BlackTitle "GM"]
[WhiteElo "2410"]
[BlackElo "2557"]
[WhiteFideId "26028654"]
[BlackFideId "2801914"]
[EventDate "2018.03.29"]

1. e4 e5 2. Nf3 Nc6 3. Bb5 g6 4. d4 exd4 5. Bg5 Be7 6. Bxe7 Qxe7 7. Bxc6 dxc6 8.
Qxd4 Nf6 9. Nc3 Bg4 10. Nd2 c5 11. Qe3 O-O-O 12. f3 Be6 13. O-O-O b6 14. g4 Nd7
15. Rhe1 Qh4 16. Rh1 f6 17. Qf4 h5 18. h3 g5 19. Qe3 Ne5 20. Qe2 Qg3 21. Kb1 Kb7
22. Qf1 Qf4 23. Qf2 hxg4 24. Ne2 Rxd2 25. Nxf4 Rxf2 26. Nxe6 g3 0-1

[Event "GRENKE Chess Open 2018"]
[Site "Karlsruhe GER"]
[Date "2018.04.02"]
[Round "9.23"]
[White "Runic, Zoran"]
[Black "Kollars, Dmitrij"]
[Result "0-1"]
[WhiteTitle "IM"]
[BlackTitle "GM"]
[WhiteElo "2407"]
[BlackElo "2534"]
[WhiteFideId "14401410"]
[BlackFideId "12909572"]
[EventDate "2018.03.29"]

1. e4 e5 2. Nf3 Nc6 3. Bb5 a6 4. Ba4 g6 5. c3 d6 6. d4 Bd7 7. d5 Nce7 8. c4 Bg7
9. Nc3 h6 10. Nd2 f5 11. Bxd7+ Qxd7 12. f3 Nf6 13. Qe2 O-O 14. Nb3 fxe4 15. fxe4
Nh5 16. g3 Qh3 17. Rg1 c6 18. Be3 cxd5 19. cxd5 Rac8 20. O-O-O b5 21. Kb1 Nf6
22. Bd2 Ng4 23. Rg2 Rc7 24. Na5 Nc8 25. Rf1 Bf6 26. a3 Rcf7 27. Nc6 Nb6 28. b3
Nd7 29. Ka2 Bd8 30. Rxf7 Kxf7 31. a4 bxa4 32. Nxa4 Kg7 33. Bb4 Bc7 34. Nb2 Rf6
35. Nc4 Nb6 36. N6a5 Nxc4 37. Nxc4 Bb8 38. Qc2 h5 39. Ka3 Kh6 40. Bd2+ Kg7 41.
Bg5 Rf7 42. Qe2 Ba7 43. Qc2 Bc5+ 44. b4 Bf2 45. Nxd6 Qxg2 46. Nxf7 Qf3+ 47. Ka4
Qxf7 48. h3 Nh6 49. Qc3 Qd7+ 50. Qc6 Qxc6+ 51. dxc6 Bb6 52. Be3 Bc7 53. b5 axb5+
54. Kxb5 Nf7 55. Bb6 Nd6+ 0-1

[Event "GRENKE Chess Open 2018"]
[Site "Karlsruhe GER"]
[Date "2018.04.02"]
[Round "9.24"]
[White "Lampert, Jonas"]
[Black "Gokerkan, Cem Kaan"]
[Result "1-0"]
[WhiteTitle "IM"]
[BlackTitle "IM"]
[WhiteElo "2532"]
[BlackElo "2408"]
[WhiteFideId "1303759"]
[BlackFideId "6336760"]
[EventDate "2018.03.29"]

1. d4 Nf6 2. c4 g6 3. Nc3 Bg7 4. e4 d6 5. Be2 O-O 6. Be3 c5 7. d5 e6 8. Nf3 Re8
9. Nd2 Na6 10. O-O Nc7 11. a4 b6 12. Re1 exd5 13. cxd5 Rb8 14. Bf4 a6 15. Bf3 b5
16. axb5 axb5 17. Rc1 Bb7 18. b4 c4 19. Nf1 Ra8 20. Qd2 Ra3 21. e5 dxe5 22. Bxe5
Rxe5 23. Rxe5 Ng4 24. Ree1 Ne5 25. Rxe5 Bxe5 26. d6 Rxc3 27. Rxc3 Nd5 28. Rc1
Qxd6 29. Rd1 c3 30. Qa2 Nxb4 31. Qb3 Bd4 32. Bxb7 Qf4 33. Ne3 Bxe3 34. fxe3
Qxe3+ 35. Kh1 c2 36. Rd8+ Kg7 37. Qxe3 1-0

[Event "GRENKE Chess Open 2018"]
[Site "Karlsruhe GER"]
[Date "2018.04.02"]
[Round "9.25"]
[White "Keinanen, Toivo"]
[Black "Burmakin, Vladimir"]
[Result "0-1"]
[WhiteTitle "FM"]
[BlackTitle "GM"]
[WhiteElo "2358"]
[BlackElo "2522"]
[WhiteFideId "509825"]
[BlackFideId "4105109"]
[EventDate "2018.03.29"]

1. d4 Nf6 2. c4 c6 3. Nf3 d5 4. cxd5 cxd5 5. Nc3 e6 6. e3 a6 7. Bd3 b5 8. Ne5
Bd6 9. f4 Nbd7 10. O-O Bb7 11. Bd2 O-O 12. Be1 Ne4 13. Nxd7 Qxd7 14. Nxe4 dxe4
15. Be2 Bd5 16. Ba5 Rfc8 17. Qd2 Rc6 18. a3 Rac8 19. Rfc1 h6 20. Bb4 g5 21. g3
gxf4 22. gxf4 Kh7 23. Rxc6 Qxc6 24. Kf2 Bxb4 25. axb4 Qc2 26. Ke1 Qc7 27. Kf1
Qe7 28. Rc1 Rg8 29. Qe1 e5 30. fxe5 Be6 31. Qf2 Rg5 32. Ke1 Qxb4+ 33. Rc3 Qxb2
34. Rc7 Qb4+ 35. Kd1 Bb3+ 36. Kc1 Qa3+ 37. Kd2 Qa2+ 38. Kc3 Qc2+ 39. Kb4 a5+ 40.
Ka3 b4# 0-1

[Event "GRENKE Chess Open 2018"]
[Site "Karlsruhe GER"]
[Date "2018.04.02"]
[Round "9.26"]
[White "Valsecchi, Alessio"]
[Black "Chernov, Vadim"]
[Result "1-0"]
[WhiteTitle "IM"]
[BlackTitle "IM"]
[WhiteElo "2510"]
[BlackElo "2407"]
[WhiteFideId "818860"]
[BlackFideId "1210629"]
[EventDate "2018.03.29"]

1. d4 Nf6 2. Nc3 d6 3. e4 e5 4. Nf3 exd4 5. Nxd4 Be7 6. g3 O-O 7. Bg2 Re8 8. O-O
Bg4 9. f3 Bd7 10. b3 Nc6 11. Nde2 Bf8 12. Bb2 g6 13. Qd2 Bg7 14. Rad1 a5 15. h3
Nb4 16. g4 h5 17. g5 Nh7 18. a3 Nxg5 19. axb4 axb4 20. Na4 Nxh3+ 21. Bxh3 Bxh3
22. Bxg7 Kxg7 23. Rf2 Bd7 24. Qxb4 Qg5+ 25. Kh1 b5 26. Qd4+ Kg8 27. Nac3 Bc6 28.
Rg1 Qe5 29. Rfg2 Kg7 30. Rg5 1-0

[Event "GRENKE Chess Open 2018"]
[Site "Karlsruhe GER"]
[Date "2018.04.02"]
[Round "9.28"]
[White "Kozul, Zdenko"]
[Black "Sinz, Bernhard"]
[Result "1-0"]
[WhiteTitle "GM"]
[BlackTitle "FM"]
[WhiteElo "2617"]
[BlackElo "2386"]
[WhiteFideId "14502879"]
[BlackFideId "4618807"]
[EventDate "2018.03.29"]

1. d4 d5 2. c4 e6 3. Nf3 c6 4. Nbd2 f5 5. g3 Nf6 6. Bg2 Bd6 7. O-O O-O 8. b3 b6
9. Ne5 Bb7 10. Bb2 Na6 11. Ndf3 Rc8 12. e3 c5 13. Qe2 Qe7 14. Rfd1 Rfd8 15. cxd5
Nxd5 16. Nc4 Bb8 17. Ne1 Nf6 18. Bxb7 Qxb7 19. dxc5 Nxc5 20. Bxf6 gxf6 21. Rxd8+
Rxd8 22. Rd1 Qe7 23. Nf3 Rxd1+ 24. Qxd1 Qd7 25. Qxd7 Nxd7 26. Nd4 Kf7 27. Nc6 e5
28. Kg2 Ke6 29. Kh3 Kd5 30. Nxb8 Nxb8 31. Kh4 Ke4 32. Kh5 Kf3 33. Kh6 Kxf2 34.
Kxh7 b5 35. Nd6 Kxe3 36. Nxf5+ Ke4 37. Kg6 Nd7 38. Nd6+ Kf3 39. Nxb5 e4 40. Nd4+
Kf2 41. Nc2 e3 42. Nxe3 Kxe3 43. h4 Kf3 44. h5 Ne5+ 45. Kxf6 Ng4+ 46. Kg5 Kxg3
47. b4 Kf3 48. b5 1-0

[Event "GRENKE Chess Open 2018"]
[Site "Karlsruhe GER"]
[Date "2018.04.02"]
[Round "9.29"]
[White "Winterberg, Lukas"]
[Black "Danin, Alexandre"]
[Result "0-1"]
[WhiteTitle "FM"]
[BlackTitle "GM"]
[WhiteElo "2388"]
[BlackElo "2540"]
[WhiteFideId "24622702"]
[BlackFideId "4144031"]
[EventDate "2018.03.29"]

1. d4 Nf6 2. c4 g6 3. Nf3 Bg7 4. Nc3 d5 5. Bf4 O-O 6. Rc1 dxc4 7. e3 Be6 8. Ng5
Bd5 9. e4 h6 10. exd5 hxg5 11. Bxg5 Nxd5 12. Bxc4 Nb6 13. Bb3 Nc6 14. Ne2 a5 15.
a4 Nxd4 16. Nxd4 Bxd4 17. h4 Qd6 18. Qf3 Rad8 19. Kf1 Bf6 20. Rh3 c6 21. Bh6 Bg7
22. Bf4 Qd7 23. h5 Nd5 24. g4 gxh5 25. Rg3 h4 26. Rh3 Nxf4 27. Qxf4 Qd2 28. Rc4
Qxf4 29. Rxf4 Rd4 30. Rf5 Rxg4 31. Rxa5 Rd8 32. Rh5 Bf6 33. Ke2 Rb4 34. Rh1 0-1

[Event "GRENKE Chess Open 2018"]
[Site "Karlsruhe GER"]
[Date "2018.04.02"]
[Round "9.30"]
[White "Philippe, Christophe"]
[Black "Kuljasevic, Davorin"]
[Result "0-1"]
[WhiteTitle "IM"]
[BlackTitle "GM"]
[WhiteElo "2383"]
[BlackElo "2538"]
[WhiteFideId "610038"]
[BlackFideId "14506661"]
[EventDate "2018.03.29"]

1. d4 Nf6 2. Nf3 d5 3. e3 c5 4. Be2 Nc6 5. O-O Bg4 6. Nbd2 e6 7. b3 cxd4 8. exd4
Be7 9. Bb2 O-O 10. h3 Bh5 11. Ne5 Bxe2 12. Qxe2 Qb6 13. Ndf3 Rad8 14. Rfe1 Nd7
15. Nd3 Bf6 16. c3 Rfe8 17. Nfe5 Ncxe5 18. dxe5 Be7 19. Qg4 Bf8 20. Nf4 f5 21.
Qg3 Nc5 22. Nh5 Kh8 23. Ba3 Rd7 24. Bxc5 Qxc5 25. Rad1 Rc7 26. Rd3 Qa3 27. Re2
Qc1+ 28. Kh2 Qh6 29. Qf3 b5 30. Re1 Rec8 31. Ng3 Bc5 32. Ne2 Kg8 33. g3 g5 34.
Kg2 Qg6 35. Red1 Bf8 36. Qe3 f4 37. Qf3 fxg3 38. fxg3 Rf7 39. Qe3 Bc5 40. Nd4
Rcf8 41. R3d2 g4 42. hxg4 Qxg4 43. Rh1 Bxd4 44. Rxd4 Rf2+ 45. Qxf2 Rxf2+ 46.
Kxf2 Qf5+ 47. Rf4 Qc2+ 48. Kf3 h5 49. Rf1 Kg7 50. Rf2 Qxc3+ 51. Kg2 Qxe5 52. g4
h4 53. Kh3 d4 54. Kxh4 Kg6 55. g5 Qh8+ 56. Kg4 Qh5+ 57. Kg3 Qd1 58. Kh4 Qh5+ 59.
Kg3 d3 60. Rg4 Qh1 61. Rf6+ Kg7 62. Rgf4 Qh5 63. Rxe6 d2 64. Re7+ Kg8 0-1

[Event "GRENKE Chess Open 2018"]
[Site "Karlsruhe GER"]
[Date "2018.04.02"]
[Round "9.31"]
[White "Schneider, Ilja"]
[Black "Wenninger, Philipp"]
[Result "1/2-1/2"]
[WhiteTitle "IM"]
[WhiteElo "2513"]
[BlackElo "2364"]
[WhiteFideId "4663306"]
[BlackFideId "4648404"]
[EventDate "2018.03.29"]

1. d4 d5 2. c4 c6 3. cxd5 cxd5 4. Bg5 h6 5. Bh4 Bf5 6. Nc3 Nc6 7. e3 Qd7 8. Nf3
e6 9. Bb5 f6 10. Bg3 Bd6 11. Bxd6 Qxd6 12. Nh4 Bh7 13. Qh5+ Kf8 14. Ng6+ Bxg6
15. Qxg6 f5 16. Rc1 Rc8 17. Qg3 Qxg3 18. hxg3 Nf6 19. Ke2 Ke7 20. Na4 Nd7 21.
Bxc6 Rxc6 22. Rxc6 bxc6 23. Rc1 Kd6 24. b3 Rc8 25. Kd3 e5 26. Nc5 e4+ 27. Ke2
Rb8 28. Na4 Nb6 29. Nc5 Nd7 30. Na4 Nb6 31. Nc5 1/2-1/2